000 00532cam a2200157 4500500
005 20260322014329.0
041 _afre
042 _adc
100 1 0 _aCosta, François
_eauthor
700 1 0 _aVasic, Dejan
_eauthor
245 0 0 _aPiezoelectric transformers for power electronics
260 _c2026.
500 _a50
786 0 _nConversion of electrical energy | - | 2026-03-04 | p. 2-2
856 4 1 _uhttps://stm.cairn.info/passive-components-and-static-transformers--bdti42246210-d3015-page-2?lang=en&redirect-ssocas=7080
999 _c1788267
_d1788267